Strategy in the second nuclear age (Registro nro. 184526)
[ vista simple ]
| 000 -ENCABEZADO | |
|---|---|
| Número de control [NR] | 00826cam a2200217 a 4500 |
| 005 - FECHA Y HORA DE LA ÚLTIMA TRANSACCIÓN | |
| control field | 20140903175025.0 |
| 008 - DE LONGITUD FIJA DE DATOS DE ELEMENTOS - INFORMACIÓN GENERAL | |
| Elementos de longitud fija [NR] | 120118s2012 xxu fr 001 0 eng |
| 020 ## - NUMERO INTERNACIONAL NORMALIZADO PARA LIBROS [R] | |
| Número Internacional Normalizado del libro [NR] | 9781589019287 |
| 040 ## - FUENTE DE CATALOGACION [NR] | |
| Agencia de catalogación original [NR] | CO-BoUCM |
| Idioma de catalogación [NR] | spa |
| Quien Cataloga | Jose A. Gerena |
| Quien Clasifica | Diana Londoño |
| 041 ## - CODIGO DE IDIOMA [R] | |
| Código de idioma para texto/pista de sonido o título separado [R] | Inglés |
| 245 00 - MENCION DE TITULO [NR] | |
| Título [NR] | Strategy in the second nuclear age |
| Parte restante del título [NR] | power, ambition, and the ultimate weapon |
| Mención de responsabilidad, etc. [NR] | editado por Toshi Yoshihara, James R. Holmes |
| 260 ## - PUBLICACION, DISTRIBUCION, ETC. (PIE DE IMPRENTA) [R] | |
| Lugar de publicación, distribución, etc. [R] | Washington, DC |
| Nombre del editor, distribuidor, etc. [R] | Georgetown University press |
| Fecha de publicación, distribución, etc. [R] | 2012 |
| 300 ## - DESCRIPCION FISICA [R] | |
| Extensión [R] | vi, 250 páginas |
| 504 ## - NOTA DE BIBLIOGRAFIA, ETC. [R] | |
| Nota de bibliografía, etc. [NR] | Incluye referencias bibliográficas e índices |
| 650 #7 - ASIENTO SECUNDARIO DE MATERIA - TERMINO TEMATICO [R] | |
| 9 (RLIN) | 16628 |
| Término temático o nombre geográfico como elemento de entrada [NR] | Guerra nuclear |
| 690 ## - ASUNTO AGREGADO LOCAL DE ENTRADA - TÉRMINO TEMÁTICO (OCLC, RLIN) | |
| 9 (RLIN) | 42753 |
| Acceso temático local | Ciencia militar |
| 700 1# - ASIENTO SECUNDARIO - NOMBRE PERSONAL [R] | |
| Nombre personal [NR] | Holmes, James R. |
| Término de relación [R] | editor |
| 9 (RLIN) | 55096 |
| 700 1# - ASIENTO SECUNDARIO - NOMBRE PERSONAL [R] | |
| Nombre personal [NR] | Yoshihara, Toshi. |
| Término de relación [R] | editor |
| 9 (RLIN) | 55095 |
| 942 ## - ELEMENTOS DE ENTRADA AGREGADOS (KOHA) | |
| Tema principal | Ciencia política |
| Tipo de ítem principal el descrito en 300a | Libro |
| Edición | 1 |
| Parte restante de la signatura top. | S898 |
| Sistema de clasificación | DEWEY |
| Clasificación | 355.0217 |
| Fecha de último préstamo | Total préstamos | Total Renewals | Signatura topográfica | Código de barras | Última vez visto | Ejemplar | Costo de reposición | Price effective from | Tipo de ítem | Perdido | Sistema de clasificación | Dañado | No prestable | Tipo de ítem específico | Suprimido | Ubicación habitual | Ubicación actual | Localización | Fecha de creación | Proveedor | Forma de adquisición | Costo |
|---|---|---|---|---|---|---|---|---|---|---|---|---|---|---|---|---|---|---|---|---|---|---|
| 21/10/2016 | 4 | 4 | 355.0217 S898 | 100139954 | 09/12/2025 | Ej.1 | 54000.00 | 14/01/2014 | Libro | DEWEY | Libro | Claustro | Claustro | 2do piso | 14/01/2014 | 15 | Compra | 54000.00 |